000 00326nam a22001337a 4500
003 SGT
082 _a340,SIR
100 _aSIROHI J. P. S.
245 _aPUBLIC INTEREST LAWYERING LEGAL AID AND PARA LEGAL SERVICES
260 _aHARYANA
_bALLAHABAD LAW AGENCY
_c2004
300 _a290
650 _aLAW BOOKS
942 _2ddc
_cBK
999 _c10167
_d10167